000 00483nam a2200181Ia 4500
001 21297
003 GE_BSU
008 181216s||||||||xx |||||||||||||| ||und||
040 _cGE_BSU
245 4 _aThe Economist, September 16th-22nd Number 9058. 2017
245 _bNumber 9029 Volume 422
260 _aParis
260 _c2017
300 _a80p. 27cm. ill.
653 _aThe Economist, September 16th-22nd Number 9058. 2017
653 _aპერიოდიკა
942 _cCR
999 _c54241
_d54241